| 000 | 00638nam a2200217 u 4500 | ||
|---|---|---|---|
| 005 | 20220519153509.0 | ||
| 008 | 090818s2003 r 000 0 eng d | ||
| 020 | _a8496089045 | ||
| 035 | _aUPN01000171914 | ||
| 049 | _aCG | ||
| 050 | 4 |
_aHM479 B6.8 _bF5.6 |
|
| 100 | 1 | _aFlachsland, Cecilia | |
| 245 | 1 | 0 |
_aPierre Bourdieu y el capital simbólico / _cCecilia Flachsland. |
| 260 |
_aMadrid : _bCampo de ideas, _c2003. |
||
| 300 | _a127 p. | ||
| 440 | 0 | _aIntelectuales | |
| 600 | 1 | 4 |
_aBOURDIEU, PIERRE, _d1930-2002 |
| 650 | 4 |
_aCULTURA - _xASPECTOS SOCIALES _96808 |
|
| 650 | 2 |
_aSociólogos _zFrancia _ySiglo XX _913635 |
|
| 905 | _aLibro | ||
| 999 |
_c144018 _d144018 |
||